000 00298nam a2200109Ia 4500
008 220204s9999 xx 000 0 und d
082 _a339.5
_bKEM
100 _aKEMP, Murray C
245 0 _aPure theory of international trade and investment
260 _aNew Delhi
_bPrentice Hall
_c1971
942 _cBK
999 _c30572
_d30572